[Event "Belgrade Trophy 26th"]
[Site "Belgrade"]
[Date "2012.11.27"]
[Round "4"]
[White "Janjic, Jugoslav"]
[Black "Vukajlovic, Jovan"]
[Result "1-0"]
[WhiteElo "2052"]
[BlackElo "1628"]
[PlyCount "53"]
[EventDate "2012.11.24"]
[EventType "swiss"]
[EventRounds "9"]
[EventCountry "SRB"]
[SourceTitle "CBM 151 Extra"]
[Source "ChessBase"]
[SourceDate "2012.12.18"]
[SourceVersion "1"]
[SourceVersionDate "2012.12.18"]
[SourceQuality "1"]

1. Nf3 d5 2. c4 c6 3. b3 Nf6 4. e3 Bf5 5. Be2 e6 6. 0-0 Bd6 7. Bb2 0-0 8. Nc3 Nbd7 9. d3 Rc8 10. Rc1 Re8 11. a3 Qc7 12. cxd5 Nxd5 13. Nb5 Qb8 14. Nxd6 Qxd6 15. e4 Bg6 16. exd5 exd5 17. Nh4 Ne5 18. f4 Nd7 19. f5 Qe7 20. fxg6 hxg6 21. Bg4 Rc7 22. Re1 Qd8 23. Rxe8+ Qxe8 24. Qe1 Qxe1+ 25. Rxe1 Nc5 26. Re8+ Kh7 27. Be5 1-0

[Event "Belgrade-chT Quality"]
[Site "Belgrade"]
[Date "2012.10.31"]
[Round "9.3"]
[White "Rajkovic, Danilo"]
[Black "Janjic, Jugoslav"]
[Result "1-0"]
[WhiteElo "2218"]
[BlackElo "2052"]
[PlyCount "79"]
[EventDate "2012.10.13"]
[EventType "team-tourn"]
[EventRounds "11"]
[EventCountry "SRB"]
[SourceTitle "EXT 2019"]
[Source "ChessBase"]
[SourceDate "2018.10.10"]
[SourceVersion "1"]
[SourceVersionDate "2018.10.10"]
[SourceQuality "1"]

1. Nf3 d5 2. c4 e6 3. d4 Nf6 4. Nc3 Be7 5. Bf4 c6 6. e3 0-0 7. Qc2 Nbd7 8. h3 b6 9. cxd5 exd5 10. Bd3 Re8 11. 0-0 Nf8 12. Ne5 Bb7 13. Rad1 Ng6 14. Bh2 c5 15. Bb5 Rf8 16. Nc6 Qc8 17. Nxe7+ Nxe7 18. Bd6 Qe6 19. dxc5 Rfc8 20. Bxe7 Qxe7 21. cxb6 axb6 22. Qb3 Rd8 23. Rd4 Rd6 24. Rfd1 Re6 25. Be2 Ra5 26. Bf3 h6 27. Nxd5 Nxd5 28. Bxd5 Bxd5 29. Rxd5 Rc5 30. Rxc5 Qxc5 31. Rd8+ Kh7 32. Qd3+ Rg6 33. b3 Qc6 34. Qd5 Qc1+ 35. Kh2 Qf1 36. Qa8 Rf6 37. Rh8+ Kg6 38. Qe4+ Rf5 39. f4 Qf2 40. Rb8 1-0

[Event "Belgrade-chT Quality"]
[Site "Belgrade"]
[Date "2012.10.29"]
[Round "7.4"]
[White "Radusinovic, Lazar"]
[Black "Janjic, Jugoslav"]
[Result "1-0"]
[WhiteElo "2326"]
[BlackElo "2052"]
[PlyCount "114"]
[EventDate "2012.10.13"]
[EventType "team-tourn"]
[EventRounds "11"]
[EventCountry "SRB"]
[SourceTitle "EXT 2019"]
[Source "ChessBase"]
[SourceDate "2018.10.10"]
[SourceVersion "1"]
[SourceVersionDate "2018.10.10"]
[SourceQuality "1"]

1. d4 Nf6 2. Nf3 g6 3. g3 Bg7 4. Bg2 0-0 5. 0-0 d5 6. c4 c6 7. cxd5 Nxd5 8. h3 b6 9. e4 Nf6 10. Qc2 Bb7 11. Nc3 Na6 12. a3 Nc7 13. Rd1 Qc8 14. Bf4 Nd7 15. Rac1 Re8 16. e5 Nf8 17. b4 Nfe6 18. Be3 Qd7 19. Qb3 Nd5 20. Nxd5 cxd5 21. h4 Ba6 22. Nd2 Red8 23. Rc2 Rac8 24. Rxc8 Bxc8 25. a4 Bb7 26. Rc1 Nc7 27. Kh2 Ne8 28. Bg5 h6 29. Bh3 e6 30. Bxd8 Qxd8 31. Bf1 f6 32. f4 g5 33. Nf3 a6 34. Qc2 g4 35. Ne1 f5 36. a5 Bf8 37. b5 axb5 38. Bxb5 bxa5 39. Nd3 h5 40. Qc3 Kh8 41. Nc5 Bc8 42. Bxe8 Qxe8 43. Qxa5 Be7 44. Qc7 Kg8 45. Rb1 Bxc5 46. Qxc5 Bd7 47. Qd6 Bb5 48. Qb6 Bd7 49. Qb8 Kf7 50. Qxe8+ Kxe8 51. Rb8+ Ke7 52. Kg2 Be8 53. Kf2 Bd7 54. Ke1 Bc6 55. Kd2 Bd7 56. Kc3 Bc6 57. Kb4 Bd7 1-0

[Event "Belgrade tt Cup"]
[Site "Belgrade"]
[Date "2012.04.21"]
[Round "4.6"]
[White "Janjic, Jugoslav"]
[Black "Poleksic, Petar"]
[Result "1-0"]
[WhiteElo "2079"]
[BlackElo "1639"]
[PlyCount "35"]
[EventDate "2012.04.18"]
[EventType "team-swiss"]
[EventRounds "5"]
[EventCountry "SRB"]
[SourceTitle "CBM 148 Extra"]
[Source "ChessBase"]
[SourceDate "2012.06.22"]
[SourceVersion "1"]
[SourceVersionDate "2012.06.22"]
[SourceQuality "1"]
[WhiteTeam "Bratstvo i Jedinstvo"]
[BlackTeam "BASK II"]
[WhiteTeamCountry "SRB"]
[BlackTeamCountry "SRB"]

1. e4 e5 2. Nf3 Nc6 3. Bc4 Bc5 4. Nc3 d6 5. h3 Nf6 6. d3 h6 7. Be3 Bb6 8. Qd2 0-0 9. Nd5 Be6 10. Bxh6 gxh6 11. Qxh6 Nh7 12. h4 Bxd5 13. Ng5 Nf6 14. Bxd5 Bxf2+ 15. Kf1 Qe7 16. Qg6+ Kh8 17. Bxf7 Rxf7 18. Nxf7+ 1-0